[Event "Dulles Skyline op 3rd"]
[Site "Dulles"]
[Date "2024.10.11"]
[Round "2"]
[White "Lee, Justin Alexander"]
[Black "Guntaka, Aayansh R"]
[Result "1-0"]
[WhiteElo "1825"]
[BlackElo "1789"]
[PlyCount "159"]
[EventDate "2024.10.10"]
[EventType "swiss"]
[EventRounds "9"]
[EventCountry "USA"]
[SourceTitle "CB43_2024"]
[Source "Chessbase"]
[SourceDate "2024.10.23"]
[SourceVersion "1"]
[SourceVersionDate "2024.10.23"]
[SourceQuality "1"]

1. e4 e6 2. d4 d5 3. Bd3 dxe4 4. Bxe4 Nf6 5. Bf3 c5 6. Ne2 cxd4 7. Qxd4 Nbd7 8. Nbc3 Bc5 9. Qf4 0-0 10. 0-0 Re8 11. Qg3 e5 12. Bg5 Be7 13. Rfe1 Qb6 14. Rab1 Bb4 15. a3 Bd6 16. Red1 Bf8 17. Be3 Qa6 18. Nc1 Bc5 19. Be2 Qe6 20. Nb3 Bxe3 21. Qxe3 a6 22. h3 b6 23. Bf3 e4 24. Nd4 Qe5 25. Be2 Bb7 26. Rd2 b5 27. Nb3 Rac8 28. Rbd1 Nf8 29. Na5 Qc7 30. Nxb7 Qxb7 31. Rd6 Rb8 32. Nd5 Nxd5 33. R1xd5 Re6 34. Rxe6 fxe6 35. Rd4 e5 36. Rxe4 Ng6 37. Bh5 Nf4 38. Bf3 Qf7 39. Rxe5 Rf8 40. Kh2 Qg6 41. Qe4 Qd6 42. g3 Ng6 43. Qd5+ Qxd5 44. Bxd5+ Kh8 45. Re2 h5 46. Kg2 h4 47. Re6 Rf6 48. Rxf6 gxf6 49. b4 Ne5 50. f4 Nd7 51. Bb7 Nb8 52. g4 Kg7 53. Kf3 f5 54. gxf5 Kf6 55. Kg4 Kf7 56. Kxh4 Kf6 57. Kg4 Kf7 58. Kg5 Kg7 59. f6+ Kf7 60. h4 Kf8 61. h5 Nd7 62. h6 Kg8 63. Bxa6 Nf8 64. Bxb5 Ne6+ 65. Kg4 Kh7 66. a4 Kxh6 67. a5 Nd4 68. c4 Kg6 69. a6 Ne6 70. f5+ Kxf6 71. fxe6 Kxe6 72. a7 Kf6 73. a8Q Ke7 74. Qd5 Kf6 75. Qd6+ Kf7 76. Kg5 Kg8 77. Qd7 Kf8 78. Kg6 Kg8 79. Qf7+ Kh8 80. Qg7# 1-0